|
|
|
|
| LEADER |
04507nam a22005055i 4500 |
| 001 |
978-3-540-46278-1 |
| 003 |
DE-He213 |
| 005 |
20151204144722.0 |
| 007 |
cr nn 008mamaa |
| 008 |
100301s2007 gw | s |||| 0|eng d |
| 020 |
|
|
|a 9783540462781
|9 978-3-540-46278-1
|
| 024 |
7 |
|
|a 10.1007/978-3-540-46278-1
|2 doi
|
| 040 |
|
|
|d GrThAP
|
| 050 |
|
4 |
|a KZ6440-6530
|
| 050 |
|
4 |
|a KZ6350-6780
|
| 072 |
|
7 |
|a LBBS
|2 bicssc
|
| 072 |
|
7 |
|a LAW051000
|2 bisacsh
|
| 082 |
0 |
4 |
|a 341.48
|2 23
|
| 245 |
1 |
0 |
|a International Prosecution of Human Rights Crimes
|h [electronic resource] /
|c edited by Wolfgang Kaleck, Michael Ratner, Tobias Singelnstein, Peter Weiss.
|
| 264 |
|
1 |
|a Berlin, Heidelberg :
|b Springer Berlin Heidelberg,
|c 2007.
|
| 300 |
|
|
|a VIII, 224 p.
|b online resource.
|
| 336 |
|
|
|a text
|b txt
|2 rdacontent
|
| 337 |
|
|
|a computer
|b c
|2 rdamedia
|
| 338 |
|
|
|a online resource
|b cr
|2 rdacarrier
|
| 347 |
|
|
|a text file
|b PDF
|2 rda
|
| 505 |
0 |
|
|a Fundamental Questions -- Protection of Human Rights by Means of Criminal Law: On the Relationship between Criminal Law and Politics -- Global Constitutional Struggles: Human Rights between colère publique and colère politique -- The Future of Universal Jurisdiction -- On the Aims and Actual Consequences of International Prosecution of Human Rights Crimes -- Developments in Law and Practice -- Prosecuting International Crimes at the National and International Level: Between Justice and Realpolitik -- Addressing the Relationship between State Immunity and Jus Cogens Norms: A Comparative Assessment -- Universal Jurisdiction: Developing and Implementing an Effective Global Strategy -- German International Criminal Law in Practice: From Leipzig to Karlsruhe -- The Pinochet Effect and the Spanish Contribution to Universal Jurisdiction -- Implementing the Principle of Universal Jurisdiction in France -- The Political Funeral Procession for the Belgian UJ Statute -- The Approach of the United Kingdom to Crimes under International Law: The Application of Extraterritorial Jurisdiction -- Coming to Terms with Genocide in Rwanda: The Role of International and National Justice -- The “War on Terror” in Particular -- Military Necessity, Torture, and the Criminality of Lawyers -- The Prohibition of Torture: Absolute Means Absolute -- Litigating Guantánamo -- Universality, Complementarity, and the Duty to Prosecute Crimes Under International Law in Germany.
|
| 520 |
|
|
|a 1 In his separate opinion in the Nuclear Weapons case, Judge Mohammed Bed- oui, then the President of the International Court of Justice, called nuclear we- ons “the absolute evil. ” There are a few other things which merit being called - solutely evil. They are the predicates of the International Criminal Court and of various domestic laws patterned on the Rome Statute: war crimes, crimes against humanity, genocide, and aggression. A conference organized by the Berlin-based Republikanischer Anwältinnen- und Anwälteverein (Republican Lawyers As- ciation) and the New York-based Center for Constitutional Rights was held in Berlin in June 2005 under the title Globalverfassung versus Realpolitik (Global Constitution versus Realpolitik). It dealt with the tension between these univ- sally accepted norms and the actual practice of governments in an age charact- ized by the ill-defined concept of the “war on terror. ” This book is the outcome of that conference. It is intended for a wide variety of readers: academics, all kinds of jurists, as well as human rights activists, who sometimes know more about the applicable law than the legal experts. It owes its existence to a paradox: On the one hand, new structures for dealing with the most serious international crimes are being put into place.
|
| 650 |
|
0 |
|a Law.
|
| 650 |
|
0 |
|a Human rights.
|
| 650 |
|
0 |
|a International humanitarian law.
|
| 650 |
|
0 |
|a International criminal law.
|
| 650 |
1 |
4 |
|a Law.
|
| 650 |
2 |
4 |
|a International Humanitarian Law, Law of Armed Conflict.
|
| 650 |
2 |
4 |
|a International Criminal Law.
|
| 650 |
2 |
4 |
|a Human Rights.
|
| 700 |
1 |
|
|a Kaleck, Wolfgang.
|e editor.
|
| 700 |
1 |
|
|a Ratner, Michael.
|e editor.
|
| 700 |
1 |
|
|a Singelnstein, Tobias.
|e editor.
|
| 700 |
1 |
|
|a Weiss, Peter.
|e editor.
|
| 710 |
2 |
|
|a SpringerLink (Online service)
|
| 773 |
0 |
|
|t Springer eBooks
|
| 776 |
0 |
8 |
|i Printed edition:
|z 9783540366485
|
| 856 |
4 |
0 |
|u http://dx.doi.org/10.1007/978-3-540-46278-1
|z Full Text via HEAL-Link
|
| 912 |
|
|
|a ZDB-2-SHU
|
| 950 |
|
|
|a Humanities, Social Sciences and Law (Springer-11648)
|